Labour in unorganised sector: the devalued and the deprived (Record no. 2329)

MARC details
000 -LEADER
fixed length control field 00630nam a2200205Ia 4500
020 ## - INTERNATIONAL STANDARD BOOK NUMBER
ISBN 81-86562-75-3
082 ## - DEWEY DECIMAL CLASSIFICATION NUMBER
Classification number 331.70954 PAN-;
100 ## - MAIN ENTRY--AUTHOR NAME
Personal name Panda, Damodar
245 #0 - TITLE STATEMENT
Title Labour in unorganised sector: the devalued and the deprived
260 ## - PUBLICATION, DISTRIBUTION, ETC. (IMPRINT)
Place of publication New Delhi
Name of publisher Manak Publications
Year of publication 1999
300 ## - PHYSICAL DESCRIPTION
Number of Pages xxiii, 316p.
504 ## - BIBLIOGRAPHY, ETC. NOTE
Bibliography, etc Includes bibliography and index
650 ## - SUBJECT ADDED ENTRY--TOPICAL TERM
Topical Term Labor - India
650 ## - SUBJECT ADDED ENTRY--TOPICAL TERM
Topical Term Labor policy - Labor policy
650 ## - SUBJECT ADDED ENTRY--TOPICAL TERM
Topical Term Labor unions - India
650 ## - SUBJECT ADDED ENTRY--TOPICAL TERM
Topical Term Labor laws and legislation - India
650 ## - SUBJECT ADDED ENTRY--TOPICAL TERM
Topical Term Wages and labour productivity - India
650 ## - SUBJECT ADDED ENTRY--TOPICAL TERM
Topical Term India - Economic conditions
942 ## - ADDED ENTRY ELEMENTS (KOHA)
Koha item type Books
Holdings
Withdrawn status Lost status Damaged status Not for loan Home library Current library Date acquired Bill Date Full call number Accession Number Price effective from Koha item type
        NASSDOC Library NASSDOC Library 08/10/2004 2004-10-05 331.70954 PAN-; 36977 18/04/2019 Books
        NASSDOC Library NASSDOC Library 08/06/2004 2004-10-05 331.70954 PAN-; 38808 18/04/2019 Books